Livro

The economics of public issues

Na minha lista:
Detalhes bibliográficos
Autor principal: North, Douglas C
Outros Autores: Miller, Roger Leroy
Formato: Livro
Idioma:inglês
Publicado em: Nueva York : Harper and Row, 1971
Assuntos:

MARC

LEADER 00000nam#a2200000#a#4500
001 002370
005 20160721142412.0
008 960611s1971####xxu#################eng#d
040 |a AR-BeUNQ 
099 |a 05-N3 
100 1 |a North, Douglas C 
245 1 3 |a The economics of public issues  |c Douglas C. North, Roger Leroy Miller. 
260 |a Nueva York :  |b Harper and Row,  |c 1971 
300 |a 158 p 
650 7 |a ASPECTOS ECONOMICOS  |2 Spines 
650 7 |a BIENESTAR COMUN  |2 Spines 
700 1 |a Miller, Roger Leroy 
929 |j 16096 
942 |c LIB  |n 0 
999 |c 5170  |d 80557